Bilecik Bilecik Bilecik Bilecik Bilecik

Edebiyatın belleğinde yaşayan Beykoz/ (Record no. 45708)

MARC details
000 -BAŞLIK
Sabit Uzunluktaki Kontrol Alanı 01166nam a22003617a 4500
001 - KONTROL NUMARASI
Control Dosyası 0045739
003 - KONTROL NUMARASI KİMLİĞİ
Kontrol Alanı KOHA_MİRAKIL
005 - EN SON İŞLEM TARİHİ ve ZAMANI
Kontrol Alanı 20260207003455.0
007 - FİZİKSEL TANIM SABİT ALAN - GENEL BİLGİ
Sabit uzunluklu kontrol alanı ta
008 - SABİT UZUNLUKTAKİ VERİ ÖGELERİ - GENEL BİLGİ
Sabit Alan 140305b2005 tu |||gr||||#||||1|tur |
020 ## - ISBN - ULUSLARARASI STANDART KİTAP NUMARASI
Isbn 9752560512
040 ## - KATALOGLAMA KAYNAĞI
Özgün Kataloglama Kurumu TR-BiSEU
Kataloglama Dili tur
Çeviri Kurumu TR-BiSEU
Açıklama Kuralları rda
041 0# - DİL KODU
Metin ya da ses kaydının dil kodu tur
044 ## - YAYINLAYAN/ÜRETEN KURULUŞUN ÜLKE KODU
ISO country code tu
050 ## - SINIFLAMA ve YER NUMARASI
Sınıflama Numarası PL247.K34
Yer Numarası E34 2005
100 1# - KİŞİ ADI
Yazar Adı (Kişi adı) Kahraman, Âlim.
245 1# - ESER ADI BİLDİRİMİ
Başlık Edebiyatın belleğinde yaşayan Beykoz/
Sorumluluk Bildirimi Âlim Kahraman ; Âlim Kahraman.
264 #1 - ÜRERİM, YAYIN, DAĞITIM ve TELİF BİLDİRİMİ
Yayın yeri İstanbul :
Yayınlayan Kaknüs Yayınları
Yayın tarihi 2005
300 ## - FİZİKSEL TANIMLAMA
Sayfa, Cilt vb. 351 sayfa ;
Boyutları resimli ;
-- 22 cm.
336 ## - İÇERİK TÜRÜ
Content type term metin
Content type code txt
Source rdacontent
337 ## - MEDYA TÜRÜ
Media type term aracısız
Media type code n
Source rdamedia
338 ## - TAŞIYICI TÜRÜ
Carrier type term cilt
Carrier type code nc
Source rdacarrier
490 1# - DİZİ BİLDİRİMİ
Dizi Bildirimi Kaknüs yayınları ;
Cilt Numarası 260.
490 1# - DİZİ BİLDİRİMİ
Dizi Bildirimi Der-Saâdet kitaplığı ;
Cilt Numarası 1
500 ## - GENEL NOT
Genel Not Dizin var.
500 ## - GENEL NOT
Genel Not Kaynakça var.
650 #0 - KONU BAŞLIĞI EK GİRİŞ - KONU TERİMİ
Konusal terim veya coğrafi ad Beykoz (İstanbul İli, Turkey)--In literature.
9 (RLIN) 84229
650 #0 - KONU BAŞLIĞI EK GİRİŞ - KONU TERİMİ
Konusal terim veya coğrafi ad Beykoz (İstanbul İli, Turkey)--History.
9 (RLIN) 84230
650 #0 - KONU BAŞLIĞI EK GİRİŞ - KONU TERİMİ
Konusal terim veya coğrafi ad Turkey--Social life and customs.
9 (RLIN) 9765
830 1# - SERİ EK GİRİŞİ - TEKBİÇİM ESER ADI
Tekbiçim Başlık Kaknüs yayınları ;
Volume number/sequential designation 260.
9 (RLIN) 13123
830 1# - SERİ EK GİRİŞİ - TEKBİÇİM ESER ADI
Tekbiçim Başlık Der-Saâdet kitaplığı ;
Volume number/sequential designation 1
9 (RLIN) 84231
942 ## - EK GİRİŞ ÖGELERİ (KOHA)
Source of classification or shelving scheme Library of Congress Classification
Koha item type Book
Holdings
Materyal Türü Kalıcı Konum Mevcut Konum Raf Yeri Sınıflandırma Kaynağı Edinim Bilgisi Ana Konular Alt Konular Yer Numarası Demirbaş Numarası Fatura Tarihi Geri Çekilme Durumu Kayıp Durumu Hasarlı Durumu Kredi için değil Kayıt Tarih Toplam Ödünçverme Son Görülme Tarihi Son Kontrol Tarihi Genel / Bağış Notu
Book Prof. Dr. Azmi Özcan Kütüphanesi Prof. Dr. Azmi Özcan Kütüphanesi Birûni Salonu Library of Congress Classification Bağış DİL VE EDEBİYAT Doğu Asya, Afrika, Okyanusya Dilleri ve Edebiyatları PL247.K34 E34 2005 0045739 02/02/2026         05/03/2014 1 14/05/2025 14/05/2025 Genel Bağış